Základy technické diagnostiky /

Hlavní autor: Hlavička, Jan, 1942-2002
Jazyk: Čeština
Vydáno: Praha : Dům techniky ČSVTS, 1980
Edice: Základní kurs spolehlivosti v elektronice a automatizaci
Témata:
Fyzický popis: 32 stran : ilustrace ; 22 cm
Knihy
Uloženo v:
LEADER 01368nam a22003852i 4500
001 000246073
003 CZ BrMZK
005 20171020170334.0
007 ta
008 950101s1980 xr a e p cze d
015 |a cnb000391947 
020 |q (Brož.) 
035 |a (OCoLC)40085918 
040 |a ABA001  |b cze  |c ABA001  |d ABA001  |d BOA001  |e rda 
072 7 |a 62  |x Technika všeobecně  |2 Konspekt  |9 19 
072 7 |a 37.016  |x Učební osnovy. Vyučovací předměty. Učebnice  |2 Konspekt  |9 22 
080 |a 62:681.518.5  |2 MRF 
080 |a (07)  |2 MRF 
100 1 |a Hlavička, Jan,  |d 1942-2002  |7 jn20000400960  |4 aut 
245 1 0 |a Základy technické diagnostiky /  |c Jan Hlavička 
264 1 |a Praha :  |b Dům techniky ČSVTS,  |c 1980 
300 |a 32 stran :  |b ilustrace ;  |c 22 cm 
336 |a text  |b txt  |2 rdacontent 
337 |a bez média  |b n  |2 rdamedia 
338 |a svazek  |b nc  |2 rdacarrier 
490 1 |a Základní kurs spolehlivosti v elektronice a automatizaci ;  |v 8 
500 |a 550 výt. 
504 |a Obsahuje bibliografii 
650 0 7 |a technická diagnostika  |7 ph126457  |2 czenas 
655 7 |a učební texty  |7 fd133599  |2 czenas 
830 0 |a Základní kurs spolehlivosti v elektronice a automatizaci 
910 |a BOA001  |b X-0822.065 
990 |a BK 
991 |b 201707 
996 6 |b 2619873481  |c X-0822.065  |l MZK  |r Sklad / do 24 hodin  |n 3  |w 000246073  |u 000010  |a 1  |e BOA001  |j MZK50  |s P